[Event "Challenge"]
[Site "http://www.queenalice.com/game.php?id=1245731"]
[Date "2014.1.5"]
[Round "-"]
[White "Zugswang"]
[Black "Daciolg"]
[Result "1-0"]
[WhiteElo "2179"]
[BlackElo "2192"]

1. e4 c5 2. Nc3 Nc6 3. g3 g6 4. Bg2 Bg7 5. f4 d6 6. Nf3 a6 7. h3 Nf6 8. O-O e6
9. d3 Bd7 10. Ne2 b5 11. c3 a5 12. g4 h5 13. g5 Ng8 14. Nh4 Qc7 15. f5 exf5 16.
exf5 gxf5 17. Nxf5 Bxf5 18. Rxf5 Nge7 19. Rf2 Ng6 20. Ng3 h4 21. Nf5 Bf8 22.
Qe1+ Kd7 23. Qe4 Re8 24. Qd5 Re1+ 25. Kh2 Rh7 26. b3 Re5 27. Qf3 d5 28. Kh1 Re1+
29. Rf1 Rxf1+ 30. Bxf1 Nce7 31. Nxe7 Nxe7 32. Bf4 Qc6 33. Bg2 Bg7 34. Rc1 f6 35.
Re1 fxg5 36. Bxg5 Bxc3 37. Qg4+ Kd8 38. Re6 Qe8 39. Qf5 1-0

[Event "Challenge"]
[Site "http://www.queenalice.com/game.php?id=1245763"]
[Date "2014.1.5"]
[Round "-"]
[White "Famelo"]
[Black "Daciolg"]
[Result "1/2-1/2"]
[WhiteElo "2067"]
[BlackElo "2196"]

1. f4 f5 2. Nf3 Nf6 3. b3 e6 4. Bb2 Be7 5. e3 d6 6. Be2 O-O 7. O-O Bd7 8. c4 c5
9. Nc3 Nc6 10. Rc1 Ne4 11. d3 Nxc3 12. Bxc3 Bf6 13. Be1 e5 14. fxe5 dxe5 15. e4
f4 16. Bc3 Bg4 17. Ne1 Be6 18. Bg4 Bf7 19. Bh5 g6 20. Be2 Qe7 21. Qc2 Rfd8 22.
Qb2 Nd4 23. Bxd4 Rxd4 24. Nc2 Rd6 25. b4 b6 26. Na3 Be8 27. bxc5 bxc5 28. Rb1
Rb6 29. Qc2 Rab8 30. Rxb6 Rxb6 31. Rb1 Qb7 32. Rxb6 axb6 33. Qb3 Kg7 34. Bg4 Qa6
35. Nb1 Qa5 36. Kf2 Bh4+ 37. g3 fxg3+ 38. hxg3 Bg5 39. Bd1 Qa7 40. Nc3 Qf7+ 41.
Kg2 Bd8 42. Nd5 Qb7 43. Qb2 Bc7 44. Qf2 Qc6 45. Ba4 Qxa4 46. Qf6+ Kh6 47. Qh4+
Kg7 48. Qf6+ Kh6 49. Qh4+ Kg7 50. Qf6+ Kh6 51. Qh4+ Kg7 1/2-1/2

[Event "Challenge"]
[Site "http://www.queenalice.com/game.php?id=1245764"]
[Date "2014.1.5"]
[Round "-"]
[White "Daciolg"]
[Black "Famelo"]
[Result "1-0"]
[WhiteElo "2180"]
[BlackElo "2079"]

1. e4 d6 2. d4 Nf6 3. Bd3 g6 4. Ne2 Bg7 5. c3 O-O 6. f3 Nc6 7. Be3 e5 8. d5 Ne7
9. g4 c6 10. c4 cxd5 11. cxd5 Bd7 12. Nbc3 a6 13. h4 b5 14. a3 Rc8 15. h5 Qa5
16. b4 Qd8 17. Rc1 Bxg4 18. fxg4 Nxg4 19. Qd2 f5 20. hxg6 f4 21. gxh7+ Kh8 22.
Bf2 Ng6 23. Ng1 Qf6 24. Nf3 Ne3 25. Rh3 Ng4 26. Ne2 Qd8 27. Rxc8 Qxc8 28. Neg1
Nxf2 29. Kxf2 Qd8 30. Qc3 Rf7 31. Qc6 Qc7 32. Ng5 Re7 33. Qxa6 Qa7+ 34. Qxa7
Rxa7 35. Bxb5 Bf6 36. Ne6 Bh4+ 37. Rxh4 Nxh4 38. a4 Ng6 39. Nd8 Kxh7 40. Nc6 Rb7
41. Ba6 1-0

[Event "Challenge"]
[Site "http://www.queenalice.com/game.php?id=1246775"]
[Date "2014.1.9"]
[Round "-"]
[White "picapal"]
[Black "Daciolg"]
[Result "0-1"]
[WhiteElo "1965"]
[BlackElo "2189"]

1. e4 c5 2. Qh5 e6 3. d3 Nf6 4. Qh4 Be7 5. Bg5 O-O 6. Nf3 h6 7. e5 Nd5 8. Bxe7
Qxe7 9. Qxe7 Nxe7 10. Nc3 a6 11. O-O-O Nbc6 12. d4 cxd4 13. Nxd4 Nxd4 14. Rxd4
Nf5 15. Rg4 d5 16. Bd3 Ne7 17. Ne2 Bd7 18. Rb4 b5 19. g4 Nc6 20. Rf4 Nxe5 21. h3
Nxd3+ 22. cxd3 Rac8+ 23. Kd2 Rc7 24. Rf3 Rfc8 25. Rc1 Rxc1 26. Nxc1 d4 27. Rg3
e5 28. f4 exf4 29. Rf3 g5 30. Nb3 Bc6 31. Rf2 Rd8 32. Nc5 a5 33. a3 Rd5 34. Nb3
b4 35. Nc1 bxa3 36. bxa3 f5 37. Rf1 fxg4 38. hxg4 Bd7 39. Rh1 Kg7 40. Rg1 Kg6
41. Nb3 h5 42. gxh5+ Kxh5 43. Ke2 g4 44. Nd2 Re5+ 45. Ne4 Bf5 46. Rh1+ Kg6 47.
Rh4 Bxe4 48. Rxg4+ Kh5 49. Rg1 Bd5+ 50. Kd2 f3 51. Re1 Rxe1 52. Kxe1 Kg4 53. Kf1
Kg3 54. a4 Bb3 55. Ke1 Kg2 0-1

[Event "Challenge"]
[Site "http://www.queenalice.com/game.php?id=1246845"]
[Date "2014.1.10"]
[Round "-"]
[White "picapal"]
[Black "Daciolg"]
[Result "0-1"]
[WhiteElo "1940"]
[BlackElo "2198"]

1. e4 c5 2. Nf3 d6 3. Bc4 Nf6 4. Ng5 e6 5. Nf3 Nxe4 6. d3 Nf6 7. Bg5 Be7 8. Nc3
a6 9. d4 d5 10. Be2 c4 11. b3 cxb3 12. cxb3 Bb4 13. Bd2 Nc6 14. a3 Bd6 15. b4 b5
16. Bd3 Nd7 17. Ng5 g6 18. Qf3 Qe7 19. Qh3 Nxd4 20. Nxh7 Be5 21. f4 Bg7 22. O-O
Nb6 23. f5 gxf5 24. Bg5 f6 25. Be3 Nb3 26. Rab1 d4 27. Rxb3 dxe3 28. Qxe3 Nc4
29. Bxc4 bxc4 30. Rb2 Qa7 31. Re2 Qxe3+ 32. Rxe3 Kf7 33. Rh3 Ra7 34. Rf4 Rc7 35.
g4 e5 36. Rf2 fxg4 37. Ng5+ Kg8 38. Rxh8+ Kxh8 39. Nge4 f5 40. Ng3 f4 41. Nge4
Bb7 42. Rg2 Bxe4 43. Nxe4 Rd7 44. Rc2 Rd3 45. Ng5 Rxa3 46. Rxc4 Bf6 47. Ne4 Be7
48. Nc5 Kg7 49. Rc2 Kf6 50. Rg2 Ra1+ 51. Kf2 Ra2+ 52. Kf1 Rxg2 53. Kxg2 Bxc5 54.
bxc5 Ke6 55. h4 gxh3+ 0-1

[Event "Challenge"]
[Site "http://www.queenalice.com/game.php?id=1247051"]
[Date "2014.1.10"]
[Round "-"]
[White "Famelo"]
[Black "Daciolg"]
[Result "1/2-1/2"]
[WhiteElo "2084"]
[BlackElo "2192"]

1. f4 f5 2. Nf3 Nf6 3. b3 e6 4. e3 Be7 5. Be2 O-O 6. O-O b6 7. Bb2 Bb7 8. Nc3 a6
9. Qe1 Ne4 10. Nxe4 Bxe4 11. Rc1 Bb7 12. c4 c5 13. d4 d5 14. cxd5 Bxd5 15. Ne5
Nd7 16. Bf3 Nxe5 17. fxe5 cxd4 18. exd4 Ra7 19. Qe2 b5 20. Rc2 Qd7 21. Bxd5 Qxd5
22. Qf3 Rd8 23. Qxd5 Rxd5 24. Rfc1 Rad7 25. Rc6 Kf7 26. Rxa6 b4 27. Rcc6 Bg5 28.
Kf2 Re7 29. Kf3 Bd2 30. Ke2 Bf4 31. g3 Bh6 32. a3 g5 33. axb4 Bg7 34. Ba3 Rxd4
35. b5 Re4+ 36. Kf2 Re8 37. Ra7+ Kg6 38. Rxg7+ Kxg7 39. Bd6 Ra8 40. Ra6 Rc8 41.
Rc6 Ra8 42. Ra6 Rc8 43. Rc6 Ra8 1/2-1/2

[Event "Challenge"]
[Site "http://www.queenalice.com/game.php?id=1247052"]
[Date "2014.1.10"]
[Round "-"]
[White "Daciolg"]
[Black "Famelo"]
[Result "1/2-1/2"]
[WhiteElo "2201"]
[BlackElo "2094"]

1. e4 d6 2. d4 Nf6 3. Bd3 g6 4. Ne2 Bg7 5. f3 O-O 6. Be3 Nc6 7. c3 a6 8. Nd2 b5
9. a3 Bb7 10. g4 e5 11. d5 Ne7 12. Ng3 c5 13. h4 c4 14. Bc2 Bc8 15. Qe2 Bd7 16.
h5 Ne8 17. Qh2 f6 18. Bd1 g5 19. O-O h6 20. Qf2 Rf7 21. Bb6 Qc8 22. Ba5 Bf8 23.
a4 Qc5 24. Qxc5 dxc5 25. axb5 axb5 26. b3 cxb3 27. Bxb3 c4 28. Bc2 Nd6 29. Bb4
Rxa1 30. Rxa1 Nec8 31. Ra6 Nb7 32. Bxf8 Kxf8 33. Ne2 Nc5 34. Ra8 Kg7 35. Nb1 Nb6
36. Rb8 Nba4 37. Bxa4 bxa4 38. Rb4 Na6 39. Rb6 Nc5 40. Na3 Bc8 41. Nxc4 Ba6 42.
Rb4 Rb7 43. Nc1 Rxb4 44. cxb4 Nxe4 45. Na3 Nd6 46. Na2 Nb5 47. Nc2 Kf7 48. Kf2
Ke7 49. Ne3 Nd6 50. Ke1 Bc8 51. Kd2 e4 52. Ke2 exf3+ 53. Kxf3 f5 54. gxf5 Nxf5
55. Nc4 Ng7 56. d6+ Ke6 57. Nc3 Bb7+ 58. Kg4 a3 59. Nxa3 Kxd6 60. Nc4+ Ke7 61.
Nb6 Kd6 62. Nc4+ Ke7 63. Nb6 Kd8 64. b5 Kc7 65. Nbd5+ Kd6 66. Nf6 Bc8+ 67. Kf3
Nf5 68. Nfe4+ Ke5 69. Ng3 Bb7+ 70. Kf2 Nxg3 71. Kxg3 Kd4 72. Na4 Kc4 73. Nb6+
Kxb5 74. Nd7 Bd5 75. Nf6 Be6 76. Ne4 Kc4 77. Nxg5 hxg5 78. h6 Bf5 79. h7 Bxh7
80. Kg4 Kd5 81. Kxg5 Bf5 82. Kf4 1/2-1/2

[Event "Challenge"]
[Site "http://www.queenalice.com/game.php?id=1247368"]
[Date "2014.1.12"]
[Round "-"]
[White "toomchess"]
[Black "Daciolg"]
[Result "0-1"]
[WhiteElo "2031"]
[BlackElo "2194"]

1. e4 c5 2. c3 Nc6 3. d4 cxd4 4. cxd4 d6 5. Nc3 e6 6. Nf3 Nge7 7. Bb5 Bd7 8. O-O
Ng6 9. Be3 Be7 10. Rc1 O-O 11. d5 Nce5 12. Nxe5 Nxe5 13. f4 Ng6 14. Qa4 Bxb5 15.
Qxb5 a6 16. Qxb7 Rb8 17. Qxa6 Rxb2 18. Rb1 Rxb1 19. Rxb1 Bf6 20. Nb5 exd5 21.
exd5 Qe7 22. Re1 Qe4 23. Nxd6 Qxd5 24. a4 Nh4 25. Re2 Be7 26. Rd2 Qb3 27. Rd3
Qb1+ 28. Kf2 Qh1 29. Qb7 Qxh2 30. Qxe7 Qxg2+ 31. Ke1 Nf3+ 32. Kd1 Qf1+ 33. Kc2
Ne1+ 34. Kd2 Qxd3+ 35. Kxe1 Qb1+ 36. Kf2 Qa2+ 37. Kf3 Qxa4 38. Nf5 Re8 39. Qd6
Qe4+ 40. Kg4 h5+ 41. Kg5 Qg2+ 42. Kxh5 g6+ 43. Kh6 Qh3+ 44. Kg5 Qxf5+ 45. Kh4
Qh5+ 0-1

[Event "Challenge"]
[Site "http://www.queenalice.com/game.php?id=1248787"]
[Date "2014.1.16"]
[Round "-"]
[White "AlexandraPoslov"]
[Black "Daciolg"]
[Result "0-1"]
[WhiteElo "1100"]
[BlackElo "2187"]

1. d4 d5 2. c4 e6 3. Nc3 Nf6 4. Bg5 c6 5. Nf3 Bd6 6. e3 Nbd7 7. Bd3 dxc4 8. Bxc4
Qc7 9. O-O O-O 10. Rc1 Re8 11. Qc2 h6 12. Bh4 Nb6 13. Bxf6 gxf6 14. Bd3 Qe7 15.
e4 e5 16. Ne2 Kh7 17. Ng3 Bg4 18. Nh4 Rg8 19. Ngf5 Bxf5 20. Nxf5 Qd7 21. dxe5
fxe5 22. Qd2 Rg6 23. Rc3 Bb4 24. f4 f6 0-1

[Event "Challenge"]
[Site "http://www.queenalice.com/game.php?id=1249021"]
[Date "2014.1.17"]
[Round "-"]
[White "Zugswang"]
[Black "Daciolg"]
[Result "1-0"]
[WhiteElo "2196"]
[BlackElo "2202"]

1. e4 c5 2. f4 d6 3. d4 cxd4 4. Qxd4 Nc6 5. Qd1 a6 6. c4 e6 7. Nf3 Be7 8. Nc3
Nf6 9. Bd3 Bd7 10. O-O O-O 11. h3 Rc8 12. b3 Nb4 13. Bb1 b5 14. a3 Qb6+ 15. Kh2
Nc6 16. cxb5 axb5 17. Qd3 g6 18. Be3 Qb8 19. Qxb5 Qxb5 20. Nxb5 Na5 21. Nbd4 d5
22. e5 Nh5 23. g4 Ng7 24. Bd2 Nc6 25. Bd3 Nxd4 26. Nxd4 h5 27. b4 hxg4 28. hxg4
Ne8 29. Rfc1 Nc7 30. Nc6 Bxc6 31. Rxc6 Na8 32. Rac1 Rxc6 33. Rxc6 Rb8 34. Be3
Bd8 35. b5 Nb6 36. Bxb6 Bxb6 37. a4 Be3 38. Kg3 Bd2 39. Kf3 Kf8 40. f5 gxf5 41.
gxf5 exf5 42. Bxf5 Bb4 43. Bc8 Ba5 44. Ra6 Bb6 45. Bd7 Bc7 46. e6 Ke7 47. Ke3
fxe6 48. Bxe6 Bb6+ 49. Kd3 d4 50. Bc4 Kd7 51. a5 Bc5 52. Rc6 Rc8 53. Be6+ 1-0

[Event "Challenge"]
[Site "http://www.queenalice.com/game.php?id=1249477"]
[Date "2014.1.19"]
[Round "-"]
[White "picapal"]
[Black "Daciolg"]
[Result "0-1"]
[WhiteElo "1909"]
[BlackElo "2161"]

1. e4 c5 2. c4 Nc6 3. Nf3 d6 4. h3 e5 5. d3 Nf6 6. Nc3 Be7 7. Nd5 Be6 8. Be3
Bxd5 9. cxd5 Nb8 10. Nh4 Nxd5 11. Nf5 O-O 12. exd5 b5 13. Qg4 Bf6 14. Nxg7 Bxg7
15. Bh6 Qf6 16. Bxg7 Qxg7 17. Be2 Qxg4 18. hxg4 Nd7 19. O-O-O f6 20. d4 c4 21.
dxe5 fxe5 22. Rh6 Rxf2 23. Bf3 Nc5 24. Rdh1 Rf8 25. Rxd6 Nd3+ 26. Kd1 Rxb2 27.
Rh5 Rxa2 28. Rf5 Nf2+ 29. Ke1 e4 30. Rxf8+ Kxf8 31. Bd1 e3 32. Re6 Ra1 33. Rxe3
Rxd1+ 34. Kxf2 Rxd5 35. Ra3 b4 36. Rxa7 b3 37. Rb7 Rd2+ 38. Ke3 Rxg2 39. Kf3 Rc2
40. Ke4 b2 41. Kd4 c3 42. Ke5 Rc1 43. g5 b1=Q 44. Rxb1 Rxb1 0-1

[Event "Challenge"]
[Site "http://www.queenalice.com/game.php?id=1249478"]
[Date "2014.1.19"]
[Round "-"]
[White "picapal"]
[Black "Daciolg"]
[Result "0-1"]
[WhiteElo "1867"]
[BlackElo "2163"]

1. e4 c5 2. c4 Nc6 3. Nf3 d6 4. h3 e5 5. a3 Nf6 6. d3 Be7 7. Nc3 Be6 8. Nd5 O-O
9. Be3 Bxd5 10. cxd5 Nb8 11. Bd2 a6 12. b4 c4 13. Be2 Nbd7 14. Qc2 cxd3 15. Bxd3
Rc8 16. Qd1 h6 17. Rc1 b5 18. Rc3 Qb6 19. O-O Rc7 20. Rxc7 Qxc7 21. Qe2 Nb6 22.
Rc1 Qb7 23. Nh4 Nfxd5 24. Nf5 Nf6 25. Qf3 Rd8 26. Be3 Bf8 27. Qg3 Kh7 28. Qh4 h5
29. Bg5 Nbd7 30. Be2 Rc8 31. Bxh5 Nxh5 32. Qxh5+ Kg8 33. Rxc8 Qxc8 34. Be7 Qc1+
35. Kh2 Qf4+ 36. Kg1 g6 37. Qd1 gxf5 38. Bxf8 Nxf8 39. Qxd6 Qxe4 40. Qxa6 Qe1+
41. Kh2 Qxf2 42. Qxb5 e4 43. Qe5 Ne6 44. Qg3+ Qxg3+ 45. Kxg3 Kg7 46. b5 Kg6 47.
b6 f4+ 48. Kf2 Nc5 49. a4 Nb7 50. g3 Kg5 51. gxf4+ Kxf4 52. h4 Kg4 53. Ke3 f5
54. Kd4 Kxh4 55. Kd5 e3 0-1

[Event "Challenge"]
[Site "http://www.queenalice.com/game.php?id=1249662"]
[Date "2014.1.19"]
[Round "-"]
[White "colatina"]
[Black "Daciolg"]
[Result "0-1"]
[WhiteElo "2125"]
[BlackElo "2188"]

1. e4 c5 2. Qh5 e6 3. Nf3 Nf6 4. Qh4 d6 5. Bb5+ Bd7 6. Bxd7+ Nbxd7 7. d3 Be7 8.
g4 Nf8 9. g5 N6d7 10. a3 Ng6 11. Qg3 b5 12. h4 Nge5 13. Nxe5 Nxe5 14. f4 Nc6 15.
b3 Nd4 16. Qf2 a5 17. Be3 e5 18. f5 f6 19. gxf6 gxf6 20. Nc3 O-O 21. Bh6 Rf7 22.
Rg1+ Kh8 23. Nd5 Bf8 24. Bxf8 Qxf8 25. Rb1 b4 26. a4 Raa7 27. Ne3 Rg7 28. Rf1
Rg8 29. Kd1 Rag7 30. Rh1 Rg3 31. Kc1 Qh6 32. Re1 Rg2 33. Qxg2 Rxg2 34. Kb2 Nxc2
35. Nxc2 Qd2 36. Rbc1 Qc3+ 37. Ka2 Rxc2+ 0-1

[Event "Challenge"]
[Site "http://www.queenalice.com/game.php?id=1249963"]
[Date "2014.1.21"]
[Round "-"]
[White "Famelo"]
[Black "Daciolg"]
[Result "1-0"]
[WhiteElo "2105"]
[BlackElo "2190"]

1. f4 f5 2. Nf3 Nf6 3. b3 e6 4. Bb2 Be7 5. e3 b6 6. Be2 O-O 7. O-O c5 8. Nc3 Nc6
9. Qe1 Nb4 10. Bd1 Nbd5 11. Ne5 Nxc3 12. Bxc3 Ne4 13. Bf3 Bf6 14. Bxe4 fxe4 15.
d3 Bb7 16. d4 Bxe5 17. dxe5 Rc8 18. Rd1 Rc7 19. Rd6 Bc6 20. Qg3 Qe8 21. f5 Kh8
22. f6 g6 23. Qg5 Rf7 24. Rf4 c4 25. Rh4 Kg8 26. b4 Bd5 27. b5 Rf8 28. Rg4 Qf7
29. h4 Kh8 30. a4 Ra8 31. h5 Rg8 32. Qh6 gxh5 33. Rxg8+ Kxg8 34. Qg5+ Kf8 35.
Bb4 Ke8 36. a5 bxa5 37. Bxa5 Rb7 38. b6 axb6 39. Rxb6 Rxb6 40. Bxb6 Qg6 41. Qh4
Qg4 42. Qe1 h4 43. Qb4 1-0

[Event "Challenge"]
[Site "http://www.queenalice.com/game.php?id=1249964"]
[Date "2014.1.21"]
[Round "-"]
[White "Daciolg"]
[Black "Famelo"]
[Result "0-1"]
[WhiteElo "2175"]
[BlackElo "2120"]

1. e4 d6 2. d4 Nf6 3. Bd3 Nc6 4. Ne2 g6 5. O-O Bg7 6. c3 O-O 7. f4 Bg4 8. Nd2 a6
9. Nf3 b5 10. h3 Bxf3 11. Rxf3 d5 12. e5 Nd7 13. f5 Na5 14. b4 Nc4 15. a4 c6 16.
a5 c5 17. Bxc4 dxc4 18. fxg6 Nxe5 19. gxh7+ Kh8 20. Rf1 Nd3 21. Be3 cxb4 22.
cxb4 Nxb4 23. Qe1 Nc2 24. Qc3 Nxa1 25. Rxa1 e5 26. Rd1 f5 27. Bf2 Qd7 28. Kf1
Rad8 29. Rd2 f4 30. Ke1 e4 31. Rd1 f3 0-1

[Event "Challenge"]
[Site "http://www.queenalice.com/game.php?id=1251012"]
[Date "2014.1.24"]
[Round "-"]
[White "Famelo"]
[Black "Daciolg"]
[Result "1/2-1/2"]
[WhiteElo "2136"]
[BlackElo "2164"]

1. f4 f5 2. Nf3 Nf6 3. b3 e6 4. e3 Be7 5. Bb2 O-O 6. Be2 d6 7. O-O Nc6 8. Nc3
Ne8 9. a3 a6 10. d4 d5 11. Na4 b6 12. Rc1 Nf6 13. Bd3 Bd7 14. Nc3 Ne4 15. Bxe4
fxe4 16. Nd2 Bd6 17. Ne2 Ne7 18. c4 Nf5 19. Rc3 c6 20. Ng3 Be7 21. Qe2 Rf6 22.
Rfc1 Rh6 23. Nxf5 exf5 24. Nf1 b5 25. cxd5 cxd5 26. b4 Bd6 27. Rc5 Bxc5 28. dxc5
a5 29. Qd2 Bc6 30. Qc3 Ra7 31. Qe5 Qf8 32. Ng3 axb4 33. Nxf5 Rf6 34. Nd4 bxa3
35. Bc3 Re7 36. Qh5 g6 37. Qe2 Rb7 38. Bb4 Qa8 39. Ra1 Ra7 40. Qa2 h5 41. Qb3 a2
42. Bc3 Ra3 43. Qb2 Qa4 44. Bb4 Rxe3 45. Nc2 Rb3 46. Qxf6 Rb1+ 47. Be1 Qxc2 48.
Qxg6+ Kf8 49. Qf6+ Kg8 50. Qg6+ Kf8 51. Qf6+ Kg8 52. Qg6+ Kf8 1/2-1/2

[Event "Challenge"]
[Site "http://www.queenalice.com/game.php?id=1251013"]
[Date "2014.1.24"]
[Round "-"]
[White "Daciolg"]
[Black "Famelo"]
[Result "1/2-1/2"]
[WhiteElo "2165"]
[BlackElo "2135"]

1. e4 d6 2. d4 Nf6 3. Bd3 g6 4. Ne2 Bg7 5. f4 Nc6 6. c3 O-O 7. O-O a6 8. e5 dxe5
9. fxe5 Ne8 10. Ng3 b5 11. Nd2 Rb8 12. Nde4 a5 13. Nc5 Nxd4 14. Be3 Ne6 15. Nxe6
Bxe6 16. Bd4 b4 17. Kh1 c6 18. Ne4 Nc7 19. Nc5 Bd5 20. Qe2 bxc3 21. Bxc3 Nb5 22.
Bxb5 cxb5 23. Rfd1 e6 24. b4 a4 25. a3 Qe7 26. Qe3 Rbd8 27. Rd2 Qh4 28. Rd4 Qh5
29. Rd3 Bc4 30. Rd7 Bd5 31. Re1 Qg4 32. Qe2 Qxe2 33. Rxe2 Rxd7 34. Nxd7 Rd8 35.
Nf6+ Bxf6 36. exf6 Bc4 37. Rd2 Rxd2 38. Bxd2 Kf8 39. g3 Ke8 40. Kg2 Kd7 41. Kf3
h5 42. Ke4 Kd6 43. Bf4+ Kc6 44. Kd4 Bb3 45. h4 Bc4 46. Ke5 1/2-1/2

[Event "Challenge"]
[Site "http://www.queenalice.com/game.php?id=1251318"]
[Date "2014.1.25"]
[Round "-"]
[White "Zugswang"]
[Black "Daciolg"]
[Result "0-1"]
[WhiteElo "2114"]
[BlackElo "2166"]

1. e4 c5 2. f4 d6 3. Nf3 a6 4. a4 Nc6 5. c3 e5 6. f5 Nf6 7. d3 Bd7 8. c4 Be7 9.
Nc3 a5 10. h3 Nh5 11. g4 Ng3 12. Rg1 Nxf1 13. Kxf1 g5 14. Nd5 f6 15. h4 h6 16.
hxg5 hxg5 17. Kg2 Kf7 18. Rh1 Nb4 19. Rxh8 Qxh8 20. Nxb4 axb4 21. b3 b6 22. Qh1
Qxh1+ 23. Kxh1 b5 24. cxb5 Bxb5 25. Ne1 Bc6 26. Kg2 Rh8 27. Nf3 d5 28. Bxg5 dxe4
29. dxe4 Bxe4 30. Be3 Rd8 31. Kf2 Ke8 32. Nd2 Bd5 33. Nc4 Bxc4 34. bxc4 Kd7 35.
Rd1+ Kc6 36. Rxd8 Bxd8 37. Kf3 b3 38. Bc1 Kb6 39. Ke4 Ka5 40. Kd5 Kb4 41. Bb2
Be7 42. Ke6 e4 43. Kxe7 e3 44. Bc1 e2 45. Bd2+ Kxc4 46. Kxf6 b2 47. Kg7 b1=Q 48.
f6 Qd3 49. f7 Qxd2 50. f8=Q Qg5+ 51. Kh7 e1=Q 0-1

[Event "Challenge"]
[Site "http://www.queenalice.com/game.php?id=1253056"]
[Date "2014.2.1"]
[Round "-"]
[White "Zugswang"]
[Black "Daciolg"]
[Result "0-1"]
[WhiteElo "2170"]
[BlackElo "2175"]

1. d4 d5 2. Nf3 Nf6 3. g3 e6 4. c4 c6 5. Bg2 Bd6 6. c5 Bc7 7. Bg5 Nbd7 8. Nc3
O-O 9. O-O e5 10. e3 exd4 11. exd4 Re8 12. Re1 Rxe1+ 13. Qxe1 h6 14. Be3 Nf8 15.
h3 Be6 16. b4 a6 17. g4 Ng6 18. a4 Qd7 19. Rb1 Ne4 20. Nxe4 dxe4 21. Nd2 f5 22.
gxf5 Bxf5 23. Nxe4 Bxh3 24. f3 Rf8 25. Qf2 Bxg2 26. Qxg2 Bf4 27. Bf2 Kh7 28. Kf1
Qd5 29. Kg1 Qa2 30. Nc3 Qc2 31. Be1 Be3+ 32. Kh1 Qxg2+ 33. Kxg2 Bxd4 34. Rd1
Bxc3 35. Bxc3 Nh4+ 36. Kg3 Rxf3+ 37. Kxh4 Rxc3 38. Rd4 a5 39. bxa5 Rxc5 40. Rb4
Rxa5 41. Rxb7 Rxa4+ 42. Kh5 Rc4 43. Rc7 Rc1 44. Kg4 c5 45. Kf3 c4 46. Ke2 c3 47.
Kd3 h5 48. Re7 h4 49. Rf7 Kh6 50. Re7 g5 51. Re8 Kh5 52. Rh8+ Kg4 53. Re8 h3 54.
Rh8 Kg3 55. Re8 h2 56. Re3+ Kg2 57. Re2+ Kg1 58. Re3 h1=Q 59. Rg3+ Kf1 0-1

[Event "Challenge"]
[Site "http://www.queenalice.com/game.php?id=1253385"]
[Date "2014.2.2"]
[Round "-"]
[White "Famelo"]
[Black "Daciolg"]
[Result "1/2-1/2"]
[WhiteElo "2121"]
[BlackElo "2176"]

1. f4 f5 2. Nf3 Nf6 3. g3 e6 4. b3 Be7 5. Bg2 O-O 6. Bb2 d5 7. e3 b6 8. O-O Bd7
9. Nc3 c6 10. Ne2 Na6 11. c4 Rc8 12. Ne5 Ng4 13. Nxg4 fxg4 14. Be5 Bf6 15. d4
Bxe5 16. dxe5 dxc4 17. bxc4 c5 18. Bb7 Nb4 19. Bxc8 Qxc8 20. Nc3 h5 21. a3 Nc6
22. Qc2 Ne7 23. Ne4 Nf5 24. Kf2 Qc6 25. Rad1 Bc8 26. Ng5 Bb7 27. e4 Nd4 28. Qc3
g6 29. Rxd4 cxd4 30. Qxd4 Re8 31. Rd1 Bc8 32. Qc3 Ba6 33. Rd6 Qc5+ 34. Qd4 Qxa3
35. Rd8 Qa2+ 36. Ke3 Qa3+ 37. Kf2 Qa2+ 38. Ke3 Qa3+ 39. Kf2 Qa2+ 1/2-1/2

[Event "Challenge"]
[Site "http://www.queenalice.com/game.php?id=1254746"]
[Date "2014.2.8"]
[Round "-"]
[White "vivi_jamile"]
[Black "Daciolg"]
[Result "0-1"]
[WhiteElo "1351"]
[BlackElo "2174"]

1. e4 c5 2. Nc3 d6 3. Bb5+ Bd7 4. d3 Nc6 5. Bg5 a6 6. Ba4 h6 7. Bh4 b5 8. Bb3
Qb8 9. Qf3 e6 10. Qxf7+ Kxf7 11. O-O-O Be7 12. Nf3 Bxh4 13. Nxh4 a5 14. g4 a4
15. Bd5 exd5 16. exd5 Nf6 17. f3 Nd4 0-1

[Event "Challenge"]
[Site "http://www.queenalice.com/game.php?id=1255359"]
[Date "2014.2.10"]
[Round "-"]
[White "Famelo"]
[Black "Daciolg"]
[Result "0-1"]
[WhiteElo "2141"]
[BlackElo "2198"]

1. f4 f5 2. b3 Nf6 3. Bb2 e6 4. g3 Be7 5. Nf3 O-O 6. Bg2 Nc6 7. O-O b6 8. Na3
Bb7 9. c4 Ne4 10. d4 d5 11. Ne5 Nxe5 12. fxe5 c6 13. Rc1 Bg5 14. Bxe4 Bxc1 15.
Bxc1 fxe4 16. cxd5 Qxd5 17. Bf4 Rad8 18. e3 c5 19. Bg5 Rxf1+ 20. Qxf1 cxd4 21.
Bxd8 Qxd8 22. exd4 Qxd4+ 23. Qf2 e3 24. Qe2 Qe4 0-1

[Event "Challenge"]
[Site "http://www.queenalice.com/game.php?id=1255360"]
[Date "2014.2.10"]
[Round "-"]
[White "Daciolg"]
[Black "Famelo"]
[Result "1-0"]
[WhiteElo "2208"]
[BlackElo "2127"]

1. e4 d6 2. d4 Nf6 3. Bd3 Nc6 4. Ne2 g6 5. c3 Bg7 6. O-O O-O 7. Bg5 e5 8. d5 Ne7
9. c4 Nh5 10. Nbc3 f6 11. Be3 f5 12. f3 f4 13. Bf2 g5 14. c5 g4 15. cxd6 cxd6
16. Qe1 Ng6 17. Kh1 Nf6 18. Bh4 Bd7 19. Bxf6 Rxf6 20. fxg4 Bxg4 21. Ng1 Rf7 22.
Be2 Qg5 23. Bxg4 Qxg4 24. Nf3 Bf6 25. Qe2 h5 26. Nd1 Bh4 27. Nf2 Bxf2 28. Qxf2
h4 29. h3 Qg3 30. Rac1 Raf8 31. Qxa7 Ne7 32. Rc7 Rg7 33. Rg1 Nf5 34. Rxg7+ Nxg7
35. Qxb7 Nh5 36. Qd7 Qg6 37. Nxh4 Ng3+ 38. Kh2 Nf1+ 39. Rxf1 Qg3+ 40. Kh1 Qxh4
41. Qxd6 f3 42. Qe6+ Kh7 43. gxf3 Rf6 44. Qd7+ Kh8 45. Rg1 Rf7 46. Qe8+ Kh7 47.
Qg8+ 1-0

[Event "Challenge"]
[Site "http://www.queenalice.com/game.php?id=1260748"]
[Date "2014.2.28"]
[Round "-"]
[White "Famelo"]
[Black "Daciolg"]
[Result "0-1"]
[WhiteElo "2140"]
[BlackElo "2218"]

1. f4 f5 2. Nf3 Nf6 3. b3 e6 4. g3 Be7 5. Bg2 O-O 6. O-O Nc6 7. Bb2 d5 8. Nc3
Bd7 9. e3 a6 10. Ne2 Rb8 11. Rc1 b5 12. Ng5 Ne4 13. Nxe4 dxe4 14. Kh1 Bf6 15. c3
Ne7 16. Ng1 c5 17. Ba1 Bc6 18. Nh3 c4 19. b4 Qd6 20. Qc2 Rfd8 21. Rf2 Rd7 22.
Re2 Rbd8 23. Rd1 h5 24. Nf2 g5 25. Bb2 g4 26. h4 Ng6 27. Bc1 e5 28. Kg1 Bxh4 29.
gxh4 Nxh4 30. fxe5 Qxe5 31. Nh1 Nf3+ 32. Bxf3 exf3 33. Rh2 Be4 34. Qb2 Rh7 35.
Rh4 Qf6 36. Rh2 h4 0-1

[Event "Challenge"]
[Site "http://www.queenalice.com/game.php?id=1263757"]
[Date "2014.3.10"]
[Round "-"]
[White "Daciolg"]
[Black "INSPETOR"]
[Result "0-1"]
[WhiteElo "2228"]
[BlackElo "1505"]

1. e4 e5 2. Nf3 Nc6 3. Bb5 Nf6 4. O-O Bc5 5. c3 O-O 6. d3 d6 7. Be3 Bxe3 8. fxe3
Ng4 9. Qe2 Bd7 10. Nbd2 a6 11. Bc4 Na5 12. Bb3 Nxb3 13. Nxb3 Nf6 14. h3 b5 15.
Nbd2 c5 16. d4 Re8 17. d5 a5 18. b3 a4 19. b4 Qc7 20. a3 Rac8 21. Ng5 Rf8 22.
Rf2 h6 23. Ngf3 cxb4 24. cxb4 Qc2 25. Ne1 Qb2 26. Qd1 Qc3 27. Rf3 Nh7 28. Kh2
Rfe8 29. g4 Qb2 30. Kg3 Rc3 31. h4 Nf6 32. Rxf6 gxf6 0-1